| 000 | 01036cab a2200325 4500 | ||
|---|---|---|---|
| 001 | ABS58640 | ||
| 008 | 090401t1998 xxu||||| |||| 00| 0 eng d | ||
| 035 | _a(Sirsi) u85694 | ||
| 041 | _aeng | ||
| 100 | _aJackson, R. | ||
| 245 | _aWater privatisation: ownership disputes and liability | ||
| 260 | _c1998 | ||
| 350 | _a0 | ||
| 490 |
_aSolicitors` Journal _v142(14) 10 April 1998, 330-331(2) |
||
| 520 | _aDiscusses some practical problems of asset ownership arising in the water utility sector with particular reference to responsibility for urban flooding. Claims regarding ownership in the water industry is a growing area of litigation. | ||
| 650 | _aCLAIMS | ||
| 650 | _aDRAINAGE SYSTEMS | ||
| 650 | _aFLOODING | ||
| 650 | _aLIABILITY | ||
| 650 | _aLITIGATION | ||
| 650 | _aOWNERSHIP | ||
| 650 | _aPRIVATISED INDUSTRIES | ||
| 650 | _aSEWERS | ||
| 650 |
_aUtilities _96272 |
||
| 650 | _aWATER INDUSTRY | ||
| 690 | _aPROPERTY LAW AND PRACTICE | ||
| 700 | _aLegge, D, | ||
| 942 | _n0 | ||
| 948 | _c21/04/1998 | ||
| 999 |
_c53903 _d53903 |
||